[Event "Lippe Cup-A 07th"]
[Site "Lieme"]
[Date "2010.10.17"]
[Round "4"]
[White "Nolte, Christoph"]
[Black "Quehl, Thomas"]
[Result "1-0"]
[WhiteElo "2117"]
[BlackElo "1864"]
[PlyCount "79"]
[EventDate "2010.10.15"]
[EventType "swiss"]
[EventRounds "5"]
[EventCountry "GER"]
[SourceTitle "CBM 138 Extra"]
[Source "ChessBase"]
[SourceDate "2010.10.29"]
[SourceVersion "1"]
[SourceVersionDate "2010.10.29"]
[SourceQuality "1"]

1. c4 e5 2. Nc3 Nc6 3. g3 g6 4. Bg2 Bg7 5. a3 f5 6. d3 Nf6 7. e3 0-0 8. Nge2 Ne7 9. Nd5 c6 10. Nxf6+ Bxf6 11. b3 d5 12. Bb2 d4 13. exd4 exd4 14. Qd2 Qd6 15. h4 Be6 16. 0-0-0 b5 17. Kb1 Rab8 18. Nc1 bxc4 19. dxc4 Rfd8 20. h5 Bxc4 21. Qc2 Bd5 22. Bxd5+ Qxd5 23. hxg6 hxg6 24. Ka2 a5 25. Qc4 c5 26. Qa6 Nc6 27. Rh6 Kg7 28. Rdh1 Kf7 29. g4 a4 30. gxf5 axb3+ 31. Ka1 gxf5 32. Rxf6+ Kxf6 33. Rh6+ Kg5 34. Rxc6 d3 35. Rg6+ Kf4 36. Nxd3+ Qxd3 37. Bc1+ Ke5 38. Qe6+ Kd4 39. Bb2+ Qc3 40. Qe3+ 1-0

[Event "Lippe Cup-A 07th"]
[Site "Lieme"]
[Date "2010.10.15"]
[Round "1"]
[White "Henkemeier, Markus"]
[Black "Nolte, Christoph"]
[Result "1/2-1/2"]
[WhiteElo "1838"]
[BlackElo "2117"]
[PlyCount "70"]
[EventDate "2010.10.15"]
[EventType "swiss"]
[EventRounds "5"]
[EventCountry "GER"]
[SourceTitle "CBM 138 Extra"]
[Source "ChessBase"]
[SourceDate "2010.10.29"]
[SourceVersion "1"]
[SourceVersionDate "2010.10.29"]
[SourceQuality "1"]

1. e4 c5 2. Nc3 Nc6 3. g3 g6 4. Bg2 Bg7 5. d3 d6 6. Be3 a6 7. Qd2 Bd7 8. Nf3 Nf6 9. h3 b5 10. Bh6 0-0 11. 0-0 b4 12. Nd1 a5 13. Bxg7 Kxg7 14. Re1 e5 15. Ne3 Nd4 16. Nxd4 cxd4 17. Nc4 Be6 18. b3 Bxc4 19. bxc4 Rb8 20. a3 b3 21. cxb3 Rxb3 22. Reb1 Qb6 23. Rxb3 Qxb3 24. Qxa5 Qxd3 25. c5 dxc5 26. Qxc5 Nxe4 27. Qxe5+ Nf6 28. a4 Re8 29. Qc5 Qd2 30. a5 Re1+ 31. Rxe1 Qxe1+ 32. Kh2 Qc3 33. Qe5 Qc4 34. Qd6 Ne8 35. Qe5+ Nf6 1/2-1/2

[Event "Lippe Cup 06th"]
[Site "Lieme"]
[Date "2009.10.17"]
[Round "2"]
[White "Nolte, Christoph"]
[Black "Plischki, Sebastian"]
[Result "1/2-1/2"]
[WhiteElo "2100"]
[BlackElo "2352"]
[PlyCount "73"]
[EventDate "2009.10.16"]
[EventType "swiss"]
[EventRounds "5"]
[EventCountry "GER"]
[SourceTitle "EXT 2013"]
[Source "ChessBase"]
[SourceDate "2012.11.22"]
[SourceVersion "1"]
[SourceVersionDate "2012.11.22"]
[SourceQuality "1"]

1. e4 c5 2. c4 Nc6 3. Nc3 g6 4. g3 Bg7 5. Bg2 a6 6. d3 b5 7. Nge2 Rb8 8. Rb1 d6 9. 0-0 e6 10. Be3 Nge7 11. h3 0-0 12. Qd2 Qa5 13. b3 Bd7 14. f4 Rfe8 15. Kh2 Nd4 16. g4 Nxe2 17. Nxe2 Qxd2 18. Bxd2 Nc6 19. Rfd1 a5 20. a3 Rb6 21. b4 axb4 22. axb4 bxc4 23. dxc4 Nxb4 24. Be3 e5 25. f5 Bf8 26. Nc3 f6 27. Nd5 Nxd5 28. cxd5 Reb8 29. Rxb6 Rxb6 30. Ra1 Rb3 31. Bc1 Rc3 32. Bf1 g5 33. Kg2 h5 34. gxh5 Be8 35. Be2 Rc2 36. Kf1 Rc3 37. Kg2 1/2-1/2

[Event "NRW-ch U18"]
[Site "Kranenburg"]
[Date "2009.04.15"]
[Round "4"]
[White "Nolte, Christoph"]
[Black "Hobusch, Alexander"]
[Result "0-1"]
[WhiteElo "2105"]
[BlackElo "2059"]
[PlyCount "42"]
[EventDate "2009.04.13"]
[EventType "swiss"]
[EventRounds "7"]
[EventCountry "GER"]
[SourceTitle "EXT 2010"]
[Source "ChessBase"]
[SourceDate "2010.11.25"]
[SourceVersion "1"]
[SourceVersionDate "2010.11.25"]
[SourceQuality "1"]

1. e4 e6 2. Qe2 Be7 3. g3 d5 4. d3 Nf6 5. Bg2 dxe4 6. dxe4 e5 7. h3 0-0 8. Be3 b6 9. Nd2 Ba6 10. Qf3 Nc6 11. c3 Qd7 12. g4 Rad8 13. g5 Ne8 14. h4 Na5 15. Qd1 Qc6 16. Qc1 f5 17. gxf6 Nxf6 18. f3 Nh5 19. c4 Bb4 20. b3 Rd3 21. Kf2 Rxe3 0-1

[Event "Oberliga NRW 0809"]
[Site "Germany"]
[Date "2009.02.01"]
[Round "6.6"]
[White "Nolte, Christoph"]
[Black "Schroeder, Wilfried"]
[Result "1-0"]
[WhiteElo "2171"]
[BlackElo "2150"]
[PlyCount "63"]
[EventDate "2008.09.21"]
[EventType "team-tourn"]
[EventRounds "9"]
[EventCountry "GER"]
[SourceTitle "EXT 2010"]
[Source "ChessBase"]
[SourceDate "2010.11.25"]
[SourceVersion "1"]
[SourceVersionDate "2010.11.25"]
[SourceQuality "1"]
[WhiteTeam "Lippstadt Turm"]
[BlackTeam "Wattenscheid II"]
[WhiteTeamCountry "GER"]
[BlackTeamCountry "GER"]

1. e4 c6 2. d4 d5 3. e5 c5 4. c3 Nc6 5. Be3 cxd4 6. cxd4 Bf5 7. Nc3 e6 8. Bd3 Bxd3 9. Qxd3 Bb4 10. Nge2 Nge7 11. a3 Ba5 12. b4 Bc7 13. f4 Nf5 14. Bf2 0-0 15. g4 Nh4 16. Qh3 Ng6 17. f5 Ngxe5 18. dxe5 Bxe5 19. Rd1 Rc8 20. 0-0 Qc7 21. Nb5 Qb8 22. Nbd4 Rfe8 23. fxe6 fxe6 24. Nf3 Qd6 25. b5 Ne7 26. Ng5 h6 27. Nf7 Bxh2+ 28. Kh1 Qd7 29. Bd4 e5 30. Qxh2 exd4 31. Nd6 d3 32. Rxd3 1-0

[Event "Lippe Cup 05th"]
[Site "Lieme"]
[Date "2008.09.27"]
[Round "3"]
[White "Szobries, Harald"]
[Black "Nolte, Christoph"]
[Result "1/2-1/2"]
[WhiteElo "1923"]
[BlackElo "2171"]
[PlyCount "95"]
[EventDate "2008.09.26"]
[EventType "swiss"]
[EventRounds "5"]
[EventCountry "GER"]
[SourceTitle "EXT 2012"]
[Source "ChessBase"]
[SourceDate "2011.11.24"]
[SourceVersion "1"]
[SourceVersionDate "2011.11.24"]
[SourceQuality "1"]

1. d4 Nf6 2. Nf3 c5 3. d5 e6 4. Nc3 d6 5. e4 exd5 6. exd5 Be7 7. Be2 0-0 8. 0-0 a6 9. a4 Nbd7 10. a5 b5 11. axb6 Nxb6 12. Nd2 Bb7 13. Bf3 Nfxd5 14. Nxd5 Bxd5 15. Bxd5 Nxd5 16. Ne4 Nf6 17. Nxf6+ Bxf6 18. Qd5 Be5 19. Ra4 Qd7 20. b3 Qe6 21. Rd1 Qxd5 22. Rxd5 Rfd8 23. Bg5 Re8 24. Kf1 Re6 25. Bd2 g6 26. h3 Bg7 27. Be3 Bf8 28. Bf4 f5 29. Ra1 Kf7 30. Rad1 c4 31. bxc4 Rc8 32. Bxd6 Rxc4 33. Bxf8 Kxf8 34. Rd8+ Kf7 35. R8d7+ Kf6 36. R7d6 Rxc2 37. Rd7 h5 38. Ra7 Rcc6 39. Ra1 Ke5 40. Ra5+ Kd4 41. Ra4+ Kc5 42. Ra1 Kb6 43. Ra8 Kb7 44. Rg8 Rc7 45. h4 Rc5 46. g3 Rb5 47. Ra2 Rc6 48. Kg2 1/2-1/2

[Event "NRW-ch U16"]
[Site "Kranenburg"]
[Date "2008.03.25"]
[Round "2"]
[White "Tkachuk, Konstantyn"]
[Black "Nolte, Christoph"]
[Result "1/2-1/2"]
[WhiteElo "2102"]
[BlackElo "2006"]
[PlyCount "51"]
[EventDate "2008.03.24"]
[EventType "swiss"]
[EventRounds "7"]
[EventCountry "GER"]
[SourceTitle "EXT 2009"]
[Source "ChessBase"]
[SourceDate "2008.11.26"]
[SourceVersion "1"]
[SourceVersionDate "2008.11.26"]
[SourceQuality "1"]

1. e4 e6 2. d4 d5 3. exd5 exd5 4. Nf3 Bd6 5. c4 dxc4 6. Bxc4 Nf6 7. 0-0 0-0 8. Bg5 Bg4 9. h3 Bh5 10. g4 Bg6 11. Ne5 c5 12. Nxg6 hxg6 13. dxc5 Bxc5 14. Qc2 Qc7 15. Kg2 Qc6+ 16. f3 Nd5 17. Re1 Bd6 18. Qb3 Nb6 19. Nd2 Nxc4 20. Nxc4 Na6 21. Nxd6 Qxd6 22. Rad1 Qc6 23. Re7 Nc5 24. Qd5 Qb6 25. Re2 Ne6 26. Be3 1/2-1/2

[Event "Oberliga NRW 0708"]
[Site "Germany"]
[Date "2008.01.13"]
[Round "5.8"]
[White "Meertens, Martin"]
[Black "Nolte, Christoph"]
[Result "0-1"]
[WhiteElo "2210"]
[BlackElo "1923"]
[PlyCount "43"]
[EventDate "2007.09.16"]
[EventType "team-tourn"]
[EventRounds "9"]
[EventCountry "GER"]
[SourceTitle "EXT 2009"]
[Source "ChessBase"]
[SourceDate "2008.11.26"]
[SourceVersion "1"]
[SourceVersionDate "2008.11.26"]
[SourceQuality "1"]
[WhiteTeam "KKS"]
[BlackTeam "Lippstadt Turm"]
[WhiteTeamCountry "GER"]
[BlackTeamCountry "GER"]

1. e4 e6 2. d4 d5 3. Nc3 Nf6 4. e5 Nfd7 5. f4 c5 6. Nf3 Nc6 7. Be3 cxd4 8. Nxd4 Bc5 9. Qd2 Nxd4 10. Bxd4 a6 11. 0-0-0 Bxd4 12. Qxd4 0-0 13. h4 b5 14. g4 Bb7 15. Rh3 f6 16. Ne4 fxe5 17. fxe5 dxe4 18. Bg2 Nb6 19. Qc5 Rc8 20. Qa3 Qc7 21. Rc3 Qxe5 22. Rxc8 0-1

[Event "Oberliga NRW 0708"]
[Site "Germany"]
[Date "2007.11.04"]
[Round "3.8"]
[White "Schunk, Thomas"]
[Black "Nolte, Christoph"]
[Result "0-1"]
[WhiteElo "2235"]
[BlackElo "1923"]
[PlyCount "80"]
[EventDate "2007.09.16"]
[EventType "team-tourn"]
[EventRounds "9"]
[EventCountry "GER"]
[SourceTitle "EXT 2009"]
[Source "ChessBase"]
[SourceDate "2008.11.26"]
[SourceVersion "1"]
[SourceVersionDate "2008.11.26"]
[SourceQuality "1"]
[WhiteTeam "Dortmund Hansa"]
[BlackTeam "Lippstadt Turm"]
[WhiteTeamCountry "GER"]
[BlackTeamCountry "GER"]

1. e4 e6 2. d4 d5 3. Nd2 Nf6 4. e5 Nfd7 5. f4 c5 6. c3 Nc6 7. Ndf3 cxd4 8. cxd4 Bb4+ 9. Kf2 f6 10. g3 0-0 11. Kg2 g5 12. h3 gxf4 13. gxf4 Qe7 14. Bd3 Kh8 15. Qe2 Qg7+ 16. Kh2 fxe5 17. fxe5 Nxd4 18. Nxd4 Nxe5 19. Bh6 Nf3+ 20. Ndxf3 Bd6+ 21. Qe5 Bxe5+ 22. Nxe5 Qxe5+ 23. Kg2 Qxb2+ 24. Ne2 Rg8+ 25. Kh2 e5 26. Rhg1 Rxg1 27. Rxg1 e4 28. Be3 Qe5+ 29. Bf4 Qh5 30. Rg5 Qxg5 31. Bxg5 exd3 32. Nc3 Be6 33. Nb5 Rc8 34. Nd4 Bd7 35. Kg3 Kg8 36. h4 Rc4 37. Nf3 Re4 38. Bf4 Re2 39. a3 a5 40. Nd4 d2 0-1

[Event "Oberliga NRW 0708"]
[Site "Germany"]
[Date "2007.09.16"]
[Round "1.8"]
[White "Kuipers, Dustin"]
[Black "Nolte, Christoph"]
[Result "1/2-1/2"]
[WhiteElo "2005"]
[BlackElo "1923"]
[PlyCount "87"]
[EventDate "2007.09.16"]
[EventType "team-tourn"]
[EventRounds "9"]
[EventCountry "GER"]
[SourceTitle "EXT 2009"]
[Source "ChessBase"]
[SourceDate "2008.11.26"]
[SourceVersion "1"]
[SourceVersionDate "2008.11.26"]
[SourceQuality "1"]
[WhiteTeam "Nord II"]
[BlackTeam "Lippstadt Turm"]
[WhiteTeamCountry "GER"]
[BlackTeamCountry "GER"]

1. e4 e6 2. d4 d5 3. Nc3 Nf6 4. Bg5 Bb4 5. e5 h6 6. Bd2 Bxc3 7. bxc3 Ne4 8. Qg4 Kf8 9. Bd3 Nxd2 10. Kxd2 c5 11. Nf3 c4 12. Be2 Nc6 13. Rhb1 a6 14. h4 Rb8 15. Qf4 b5 16. a3 a5 17. Ng1 Bd7 18. Bh5 Be8 19. Ne2 Qc7 20. Bg4 Ke7 21. Bh3 Bd7 22. g4 b4 23. axb4 axb4 24. g5 bxc3+ 25. Nxc3 Rxb1 26. Rxb1 Na5 27. Qg4 hxg5 28. Qxg5+ Kf8 29. Nxd5 exd5 30. Bxd7 Nb3+ 31. cxb3 c3+ 32. Kc2 Qxd7 33. Ra1 Qc8 34. Ra7 Qe8 35. Rc7 Rh6 36. Qf5 Rc6 37. Rxc6 Qxc6 38. e6 f6 39. h5 Ke7 40. Qg6 Qxe6 41. Qxg7+ Kd8 42. Kxc3 Qe1+ 43. Kd3 Qe4+ 44. Kc3 1/2-1/2

[Event "GER-ch U14"]
[Site "Willingen"]
[Date "2006.06.06"]
[Round "5"]
[White "Nolte, Christoph"]
[Black "Petermann, Michail"]
[Result "1/2-1/2"]
[WhiteElo "1823"]
[BlackElo "1852"]
[PlyCount "54"]
[EventDate "2006.06.03"]
[EventType "swiss"]
[EventRounds "9"]
[EventCountry "GER"]
[SourceTitle "EXT 2007"]
[Source "ChessBase"]
[SourceDate "2006.11.23"]
[SourceVersion "1"]
[SourceVersionDate "2006.11.23"]
[SourceQuality "1"]

1. e4 e5 2. Nf3 Nf6 3. Nxe5 d6 4. Nf3 Nxe4 5. d4 d5 6. Bf4 Bd6 7. Bxd6 Qxd6 8. Bd3 0-0 9. c3 Re8 10. 0-0 Nd7 11. Nbd2 b6 12. Re1 Bb7 13. Qc2 Ndf6 14. Ne5 c5 15. f3 Nxd2 16. Qxd2 Nd7 17. Nxd7 Qxd7 18. Kf2 Qd6 19. g3 Rac8 20. Rxe8+ Rxe8 21. Re1 Rxe1 22. Qxe1 Kf8 23. Bb5 Bc6 24. Bxc6 Qxc6 25. Qe5 Qd7 26. Qb8+ Ke7 27. Qe5+ Kf8 1/2-1/2

[Event "OWL-ch U14"]
[Site "Hiddenhausen"]
[Date "2005.01.04"]
[Round "6"]
[White "Nolte, Christoph"]
[Black "Schoening, Tim"]
[Result "1-0"]
[WhiteElo "1596"]
[BlackElo "1163"]
[PlyCount "61"]
[EventDate "2005.01.02"]
[EventType "swiss"]
[EventRounds "7"]
[EventCountry "GER"]
[SourceTitle "EXT 2007"]
[Source "ChessBase"]
[SourceDate "2006.11.23"]
[SourceVersion "1"]
[SourceVersionDate "2006.11.23"]
[SourceQuality "1"]

1. e4 e6 2. Nf3 d5 3. Nc3 Nf6 4. exd5 exd5 5. d4 Bg4 6. h3 Bh5 7. Be2 Bb4 8. 0-0 Bxc3 9. bxc3 0-0 10. Re1 Nbd7 11. Qd3 c6 12. Bg5 h6 13. Bh4 Qc7 14. Bg3 Qc8 15. Nh4 Bxe2 16. Rxe2 Ne4 17. Nf5 Re8 18. f3 Nxg3 19. Ne7+ Rxe7 20. Rxe7 Qd8 21. Rae1 Nf6 22. c4 Rb8 23. cxd5 cxd5 24. c4 dxc4 25. Qxc4 Qf8 26. Qb5 Ngh5 27. Qe5 g6 28. g4 Qg7 29. gxh5 gxh5+ 30. Kh1 Nh7 31. Qxb8+ 1-0